Dinâmica demográfica e crescimento da força de trabalho no Brasil: 1980 2000 /

Guardat en:
Dades bibliogràfiques
Autor principal: Camarano, Ana Amélia
Autor corporatiu: Fundâçao Joaquim Nabuco
Altres autors: coord Moura, Hélio Augusto de Albuquerque, Ana María Prado de/ Britto Lyra, María Renaje de
Format: Text
Publicat: Recife: Manssangana
Etiquetes: Afegir etiqueta
Sense etiquetes, Sigues el primer a etiquetar aquest registre!

MARC

LEADER 00000 a a2200000 04500
001 22172
003
040
020 |a 85-7019-107-3  
090 |a 150200  
100 |a Camarano, Ana Amélia  
110 |a Fundâçao Joaquim Nabuco  
245 |a Dinâmica demográfica e crescimento da força de trabalho no Brasil: 1980 2000 /  |c Ana Amelia Camarano 
260 |a Recife:   |b Manssangana  
300 |a 139 p.   |b **no definido**   |b fonodiscos  
700 |a coord   |a Moura, Hélio Augusto de   |a Albuquerque, Ana María Prado de/   |c Britto Lyra, María Renaje de  
999 |c 16076  |d 16076